000 00578nam a2200181 i 4500
001 161375
003 ES-MaACL
005 20250303062546.0
008 940301q1891 sp |||| | spa d
100 1 _aPardo Bazán, Emilia,
_cCondesa de,
_d1851-1921
_9176434
245 1 0 _aCuentos de Marineda /
_cEmilia Pardo Bazán.
260 _aMadrid :
_b[s.n.,
_cca. 1891] (
_fAgustín Avrial)
300 _a353 p. ;
_c18 cm.
752 _aEspaña -
_dMadrid
852 _aES-MaACL
_jB-4085
_z- Enc. pasta española
_q- Falto de cub. original
942 _2udc
999 _c161375
_d161375